| 000 | 004850000a22001810004500 | ||
|---|---|---|---|
| 003 | MACL | ||
| 005 | 20150710150225.0 | ||
| 008 | 150710b xxu||||| |||| 00| 0 eng d | ||
| 040 |
_aMACL _cMACL |
||
| 041 | _aEnglish | ||
| 082 | _a320/JOS | ||
| 100 |
_aJoseph, T.M. _91626 |
||
| 245 |
_aLocal Governance In India _bIdeas, Challenges and Strategies |
||
| 260 |
_bConcept Publishing Company _c2007 _aNew Delhi |
||
| 350 | _a950 | ||
| 650 |
_aPolitical Science _988 |
||
| 942 |
_cBK _k320 _2ddc |
||
| 999 |
_c8326 _d8326 |
||